000 00717nam a2200289Ia 4500
005 20260324120456.0
008 008 260324s9999 xx 000 0 eng d
020 _a9781315740843
037 _aEBOOK
040 _aCRL
040 _beng
040 _cCRL
041 _2eng
041 _aeng
084 _qCRL
100 _aMiriam Wallraven
_91158723
245 0 _aWomen Writers and the Occult in Literature and Culture
245 0 _bFemale Lucifers, Priestesses, and Witches
260 _bTaylor and Francis
260 _c2015
365 _a
365 _b255
856 _uhttp://www.taylorfrancis.com/books/9781315740843
942 _cEBOOK
999 _c1750276
_d1750276